[Event "FRA-chT4 0506"]
[Site "France"]
[Date "2006.03.12"]
[Round "6"]
[White "Sohier, Renaud"]
[Black "Guyot, Jean Francois"]
[Result "1/2-1/2"]
[WhiteElo "1940"]
[BlackElo "2080"]
[PlyCount "72"]
[EventDate "2005.10.02"]
[EventType "team"]
[EventRounds "9"]
[EventCountry "FRA"]
[SourceTitle "EXT 2007"]
[Source "ChessBase"]
[SourceDate "2006.11.23"]
[SourceVersion "1"]
[SourceVersionDate "2006.11.23"]
[SourceQuality "1"]

1. d4 Nf6 2. c4 e5 3. d5 Bc5 4. Nc3 0-0 5. Nf3 d6 6. Bg5 Nbd7 7. e3 c6 8. a3 a5 9. dxc6 bxc6 10. Ne4 Qb6 11. Bxf6 Nxf6 12. Nxf6+ gxf6 13. Qc2 f5 14. g3 Rb8 15. Ra2 Qb3 16. Qxb3 Rxb3 17. Nd2 Rb8 18. Bg2 e4 19. 0-0 a4 20. Rb1 Be6 21. Bf1 d5 22. b4 axb3 23. Rxb3 d4 24. exd4 Bxd4 25. Rb4 Rxb4 26. axb4 Bc3 27. Nb3 Bxb4 28. Nd4 c5 29. Nc6 Bc3 30. Ne7+ Kg7 31. Ra7 Rb8 32. Nd5 Be5 33. Nc7 Kf6 34. Nd5+ Kg7 35. Nc7 Kf6 36. Nd5+ Kg7 1/2-1/2

[Event "FRA-chT4 0506"]
[Site "France"]
[Date "2006.01.15"]
[Round "4"]
[White "Donrault, Patrick"]
[Black "Guyot, Jean Francois"]
[Result "1/2-1/2"]
[WhiteElo "2191"]
[BlackElo "2080"]
[PlyCount "80"]
[EventDate "2005.10.02"]
[EventType "team"]
[EventRounds "9"]
[EventCountry "FRA"]
[SourceTitle "EXT 2007"]
[Source "ChessBase"]
[SourceDate "2006.11.23"]
[SourceVersion "1"]
[SourceVersionDate "2006.11.23"]
[SourceQuality "1"]

1. d4 Nf6 2. Nf3 d5 3. c4 e6 4. Nc3 c6 5. e3 Nbd7 6. Qc2 Be7 7. e4 dxe4 8. Nxe4 Nxe4 9. Qxe4 Bb4+ 10. Bd2 Bxd2+ 11. Nxd2 Nf6 12. Qe3 0-0 13. Be2 a6 14. 0-0 b5 15. b3 Bb7 16. a4 Qb6 17. Nf3 Rfd8 18. Rfd1 Rac8 19. Ne5 h6 20. Bf3 Qc7 21. Rac1 Qe7 22. Nd3 b4 23. Nc5 a5 24. Be4 Qc7 25. Qg3 Qb8 26. Bb1 Ba8 27. h3 Qa7 28. Qe3 Qe7 29. f4 Re8 30. Rd2 Rcd8 31. Rcd1 g6 32. Nd3 c5 33. Nxc5 Kg7 34. Nd3 Ne4 35. Rb2 Nc3 36. Rdd2 Kh7 37. Nc5 Qh4 38. Ne4 Bxe4 39. Bxe4 e5 40. dxe5 Nd1 1/2-1/2

[Event "FRA-chT2"]
[Site "France"]
[Date "2001.11.??"]
[Round "3"]
[White "Donrault, Patrick"]
[Black "Guyot, Jean Francois"]
[Result "1-0"]
[WhiteElo "2279"]
[BlackElo "2214"]
[PlyCount "67"]
[EventDate "2002.??.??"]
[EventType "team"]
[EventRounds "11"]
[EventCountry "FRA"]
[SourceTitle "EXT 2003"]
[Source "ChessBase"]
[SourceDate "2002.11.25"]
[SourceVersion "1"]
[SourceVersionDate "2002.11.25"]
[SourceQuality "1"]

1. d4 d5 2. Nf3 Nc6 3. Bf4 Bg4 4. e3 e6 5. Be2 Bd6 6. Bg3 Nf6 7. Nbd2 0-0 8. 0-0 Ne7 9. c3 Nf5 10. Be5 Bxe5 11. Nxe5 Bxe2 12. Qxe2 Nd6 13. f3 Nd7 14. Nd3 Rc8 15. e4 dxe4 16. Nxe4 Qe7 17. f4 Nf6 18. Ng3 Rfe8 19. Rae1 Qf8 20. Qf3 g6 21. Nh1 Nd7 22. Ne5 Re7 23. b4 a5 24. a3 Ra8 25. Nf2 Nxe5 26. fxe5 Nc4 27. Ne4 Nxa3 28. Nf6+ Kg7 29. bxa5 Nc4 30. Qf4 Rxa5 31. Rf3 c5 32. Rh3 h5 33. Nxh5+ gxh5 34. Qg5+ 1-0